[Event "Athens Siaperas Memorial 9th"]
[Site "Athens"]
[Date "2013.02.09"]
[Round "1"]
[White "Koukoufikis, Ioannis"]
[Black "Nemtsas, Hristoforos"]
[Result "0-1"]
[WhiteElo "1622"]
[BlackElo "1865"]
[PlyCount "58"]
[EventDate "2013.02.09"]
[EventType "swiss"]
[EventRounds "7"]
[EventCountry "GRE"]
[SourceTitle "EXT 2024"]
[Source "ChessBase"]
[SourceDate "2023.10.10"]
[SourceVersion "1"]
[SourceVersionDate "2023.10.10"]
[SourceQuality "1"]

1. e4 c5 2. Nc3 d6 3. Nf3 Nf6 4. d3 Bg4 5. h3 Bh5 6. Be2 Nc6 7. Bg5 e6 8. Qd2 Be7 9. 0-0 h6 10. e5 hxg5 11. exf6 gxf6 12. Rfe1 d5 13. Nh2 Bxe2 14. Qxe2 Nd4 15. Qd1 f5 16. Ne2 Nc6 17. Ng3 Qd6 18. c3 0-0-0 19. a3 Rh7 20. b4 Bf6 21. bxc5 Qxc5 22. d4 Qd6 23. Nf3 g4 24. hxg4 fxg4 25. Ne5 Bh4 26. Qxg4 Bxg3 27. fxg3 Nxe5 28. dxe5 Qb6+ 29. Qd4 Qb2 0-1

[Event "Ambelokipi op 104th"]
[Site "Athens"]
[Date "2010.04.24"]
[Round "5"]
[White "Tepelenis, Nikolaos"]
[Black "Koukoufikis, Ioannis"]
[Result "1-0"]
[WhiteElo "2265"]
[BlackElo "1756"]
[PlyCount "75"]
[EventDate "2010.04.10"]
[EventType "swiss"]
[EventRounds "7"]
[EventCountry "GRE"]
[SourceTitle "EXT 2024"]
[Source "ChessBase"]
[SourceDate "2023.10.10"]
[SourceVersion "1"]
[SourceVersionDate "2023.10.10"]
[SourceQuality "1"]

1. d4 Nf6 2. c4 c5 3. d5 d6 4. Nc3 g6 5. Nf3 Bg7 6. g3 0-0 7. Bg2 e6 8. 0-0 exd5 9. cxd5 Nbd7 10. h3 Rb8 11. a4 Re8 12. Nd2 a6 13. Nc4 Nb6 14. Na3 Bd7 15. Bf4 Qe7 16. a5 Nc8 17. Re1 Nh5 18. Bd2 f5 19. e4 Qf7 20. exf5 Rxe1+ 21. Bxe1 gxf5 22. Bf3 Nf6 23. Nc4 Bb5 24. Nxb5 axb5 25. Ne3 Ne4 26. Bxe4 fxe4 27. Qg4 Ne7 28. Bc3 Kh8 29. Qxe4 Rf8 30. Rf1 Bxc3 31. bxc3 Qg7 32. Qe6 Qf6 33. Qxf6+ Rxf6 34. Rb1 b4 35. cxb4 Nf5 36. Nxf5 Rxf5 37. bxc5 Rxd5 38. Rxb7 1-0

[Event "Ambelokipi op 103rd"]
[Site "Athens"]
[Date "2010.03.17"]
[Round "4"]
[White "Angelopoulos, Georgios"]
[Black "Koukoufikis, Ioannis"]
[Result "1-0"]
[WhiteElo "2087"]
[BlackElo "1756"]
[PlyCount "101"]
[EventDate "2010.03.06"]
[EventType "swiss"]
[EventRounds "7"]
[EventCountry "GRE"]
[SourceTitle "CBM 135 Extra"]
[Source "ChessBase"]
[SourceDate "2010.05.04"]
[SourceVersion "1"]
[SourceVersionDate "2010.05.04"]
[SourceQuality "1"]

1. d4 Nf6 2. c4 g6 3. Nc3 Bg7 4. e4 d6 5. Nf3 0-0 6. Be2 e5 7. d5 Nbd7 8. Bg5 h6 9. Bh4 Nc5 10. Nd2 a5 11. 0-0 b6 12. Qc2 Qe8 13. f3 Nh5 14. Rfe1 Nf4 15. Bf1 g5 16. Bf2 f5 17. b3 h5 18. a3 fxe4 19. Ndxe4 Nxe4 20. fxe4 Qg6 21. b4 axb4 22. axb4 Bd7 23. c5 bxc5 24. bxc5 c6 25. Rxa8 Rxa8 26. dxc6 Bxc6 27. g3 Ne6 28. Bc4 Kh8 29. Nd5 Qe8 30. cxd6 Ba4 31. Qb1 Rb8 32. Qa2 Nd4 33. Bxd4 exd4 34. Ne7 d3 35. e5 Qd7 36. Bxd3 Qa7+ 37. Qf2 Qa5 38. Qe2 g4 39. Qe4 Qb6+ 40. Kh1 Qb7 41. Qxb7 Rxb7 42. Ra1 Rb4 43. d7 Rd4 44. Rxa4 Rxd3 45. Ra8+ Kh7 46. d8Q Rxd8 47. Rxd8 Bxe5 48. Rd5 Bf6 49. Nc6 Kg6 50. Ne5+ Kf5 51. Nd7+ 1-0

[Event "Ambelokipi op 88th"]
[Site "Athens"]
[Date "2008.06.06"]
[Round "3"]
[White "Koukoufikis, Ioannis"]
[Black "Drakakis, Georgios"]
[Result "1-0"]
[WhiteElo "1855"]
[BlackElo "1810"]
[PlyCount "43"]
[EventDate "2008.06.02"]
[EventType "swiss"]
[EventRounds "7"]
[EventCountry "GRE"]
[SourceTitle "EXT 2010"]
[Source "ChessBase"]
[SourceDate "2010.11.25"]
[SourceVersion "1"]
[SourceVersionDate "2010.11.25"]
[SourceQuality "1"]

1. e4 c5 2. Nf3 Nc6 3. d4 cxd4 4. Nxd4 Nf6 5. Nc3 e5 6. Nf3 Bb4 7. Qd3 0-0 8. Bd2 d6 9. 0-0-0 Nd7 10. a3 Nc5 11. Qe3 Bxc3 12. Bxc3 f5 13. Nxe5 Nxe4 14. Bc4+ Kh8 15. Nf7+ Rxf7 16. Bxf7 Qc7 17. Bd5 Bd7 18. Bxe4 fxe4 19. Qxe4 Re8 20. Qd5 Be6 21. Qxd6 Qb6 22. Rhe1 1-0

[Event "Athens Siaperas Memorial 4th"]
[Site "Athens"]
[Date "2008.02.16"]
[Round "3"]
[White "Kosmas Lekkas, Dimitrios"]
[Black "Koukoufikis, Ioannis"]
[Result "0-1"]
[WhiteElo "2053"]
[BlackElo "1855"]
[PlyCount "120"]
[EventDate "2008.02.09"]
[EventType "swiss"]
[EventRounds "7"]
[EventCountry "GRE"]
[SourceTitle "EXT 2010"]
[Source "ChessBase"]
[SourceDate "2010.11.25"]
[SourceVersion "1"]
[SourceVersionDate "2010.11.25"]
[SourceQuality "1"]

1. d4 Nf6 2. c4 c5 3. d5 b5 4. cxb5 a6 5. bxa6 Bxa6 6. Nc3 g6 7. Nf3 Bg7 8. g3 0-0 9. Bg2 d6 10. Rb1 Nbd7 11. 0-0 Qa5 12. Bd2 Rfb8 13. b3 Bb7 14. a4 Qb6 15. Ne1 Bc8 16. Nc2 Ne8 17. Na3 Ba6 18. Nab5 Bxb5 19. Nxb5 Nc7 20. Na3 Na6 21. Nc4 Qa7 22. Na5 Re8 23. Nc6 Qb7 24. b4 cxb4 25. Bxb4 Nxb4 26. Rxb4 Qa6 27. Qd2 Ne5 28. Rfb1 Rac8 29. Rb7 Nxc6 30. dxc6 Qxa4 31. c7 Qc4 32. Rc1 Qa6 33. Bc6 Rf8 34. Qb4 Bh6 35. e3 Qe2 36. Bd7 Bxe3 37. fxe3 Qxe3+ 38. Kg2 Qxc1 39. Bxc8 Rxc8 40. Qb6 Qc2+ 41. Kf3 Kg7 42. Ra7 Qc3+ 43. Kg2 Qd2+ 44. Kg1 Qe1+ 45. Kg2 Qe4+ 46. Kg1 Kf6 47. Qb8 Qe6 48. h4 Qd7 49. Kh2 e5 50. Qb7 Ke7 51. Kg2 h6 52. Kf2 g5 53. hxg5 hxg5 54. Ke3 f5 55. Kd3 f4 56. gxf4 gxf4 57. Ke4 Kf6 58. Kf3 Qh3+ 59. Kf2 Qg3+ 60. Kf1 f3 0-1

[Event "Ambelokipi op 82nd"]
[Site "Athens"]
[Date "2007.11.21"]
[Round "6"]
[White "Koukoufikis, Ioannis"]
[Black "Kharlampidi, Tengiz"]
[Result "0-1"]
[WhiteElo "1861"]
[BlackElo "2130"]
[PlyCount "134"]
[EventDate "2007.11.03"]
[EventType "swiss"]
[EventRounds "7"]
[EventCountry "GRE"]
[SourceTitle "EXT 2024"]
[Source "ChessBase"]
[SourceDate "2023.10.10"]
[SourceVersion "1"]
[SourceVersionDate "2023.10.10"]
[SourceQuality "1"]

1. e4 c5 2. Nf3 Nc6 3. Nc3 a6 4. a4 e6 5. Bc4 Nf6 6. 0-0 d6 7. Re1 Be7 8. d4 cxd4 9. Nxd4 Qc7 10. Nxc6 bxc6 11. Qe2 d5 12. e5 Nd7 13. Bd3 Nc5 14. Qg4 g6 15. Bh6 Rb8 16. Ra2 a5 17. Qh3 Rg8 18. Bd2 h5 19. f4 Nxd3 20. Qxd3 Qb6+ 21. Kh1 Ba6 22. Qg3 Bc5 23. Nd1 d4 24. Qf3 Bc4 25. b3 Bd5 26. Qd3 Bb4 27. Nb2 Qc5 28. Rd1 Kd7 29. Bxb4 Rxb4 30. Qd2 Qa7 31. Nd3 Rb7 32. Rb2 c5 33. Rdb1 Rgb8 34. c4 Be4 35. Kg1 Qb6 36. Kf2 Qc6 37. Kg3 Qc7 38. Qe2 Bxd3 39. Qxd3 g5 40. Qf3 gxf4+ 41. Qxf4 Rg8+ 42. Kh3 Rg6 43. Rf2 Ke8 44. Rf3 Qe7 45. Rg3 Rxg3+ 46. Qxg3 Kd7 47. Qf3 Rb8 48. Rf1 Ke8 49. g3 h4 50. gxh4 Qc7 51. Qg3 Qe7 52. Rf3 Kd7 53. Rf6 Kc7 54. h5 Rd8 55. Qf3 Rd7 56. h6 d3 57. h7 Qe8 58. Qh5 d2 59. Rf1 Qh8 60. Rd1 f5 61. Qf3 Rxh7+ 62. Kg2 Rxh2+ 63. Kf1 Qxe5 64. b4 cxb4 65. c5 Qxc5 66. Qf4+ Qd6 67. Qc4+ Kd8 0-1

[Event "Ambelokipi op 77th"]
[Site "Athens"]
[Date "2007.04.18"]
[Round "2"]
[White "Sideris, Theodoros"]
[Black "Koukoufikis, Ioannis"]
[Result "1-0"]
[WhiteElo "2073"]
[BlackElo "1866"]
[PlyCount "47"]
[EventDate "2007.04.14"]
[EventType "swiss"]
[EventRounds "7"]
[EventCountry "GRE"]
[SourceTitle "EXT 2008"]
[Source "ChessBase"]
[SourceDate "2007.11.25"]
[SourceVersion "1"]
[SourceVersionDate "2007.11.25"]
[SourceQuality "1"]

1. e4 d6 2. d4 Nf6 3. Nc3 g6 4. Bg5 Bg7 5. f3 0-0 6. Qd2 e5 7. dxe5 dxe5 8. Qxd8 Rxd8 9. Nd5 Nbd7 10. Nxc7 Rb8 11. 0-0-0 h6 12. Be3 b6 13. Ne2 Bb7 14. Nc3 Rbc8 15. N7b5 Ra8 16. Nd6 Bc6 17. Bc4 Rf8 18. h4 Ne8 19. h5 Nxd6 20. Rxd6 Rac8 21. hxg6 Nc5 22. gxf7+ Kh7 23. Bxh6 Bxh6+ 24. Rhxh6+ 1-0

[Event "Ambelokipi op 73rd"]
[Site "Athens"]
[Date "2006.11.22"]
[Round "6"]
[White "Patrinos, Ilias"]
[Black "Koukoufikis, Ioannis"]
[Result "0-1"]
[WhiteElo "1943"]
[BlackElo "1915"]
[PlyCount "73"]
[EventDate "2006.11.04"]
[EventType "swiss"]
[EventRounds "7"]
[EventCountry "GRE"]
[SourceTitle "EXT 2008"]
[Source "ChessBase"]
[SourceDate "2007.11.25"]
[SourceVersion "1"]
[SourceVersionDate "2007.11.25"]
[SourceQuality "1"]

1. d4 Nf6 2. Nc3 g6 3. Bg5 Bg7 4. e4 h6 5. Bf4 c6 6. f3 d6 7. Qd2 Nbd7 8. 0-0-0 Qa5 9. Bc4 b5 10. Bb3 c5 11. dxc5 Nxc5 12. Kb1 Nxb3 13. cxb3 Be6 14. Nge2 b4 15. Na4 Bd7 16. a3 Bxa4 17. bxa4 Qxa4 18. axb4 a5 19. bxa5 Nd7 20. Nc3 Qxa5 21. Be3 0-0 22. Bd4 Ne5 23. Kc2 Nc4 24. Qc1 Rab8 25. Bxg7 Kxg7 26. Rd5 Qb4 27. Nd1 Qb3+ 28. Kb1 Rfc8 29. Qc3+ Qxc3 30. Nxc3 Ne3 31. Rb5 Nxg2 32. Rxb8 Rxb8 33. Nd5 e6 34. Nc3 Ne3 35. Rc1 Nc4 36. Nd1 Nd2+ 37. Ka2 0-1

[Event "Ambelokipi op 73rd"]
[Site "Athens"]
[Date "2006.11.08"]
[Round "2"]
[White "Klokas, Konstantinos"]
[Black "Koukoufikis, Ioannis"]
[Result "1-0"]
[WhiteElo "2193"]
[BlackElo "1915"]
[PlyCount "105"]
[EventDate "2006.11.04"]
[EventType "swiss"]
[EventRounds "7"]
[EventCountry "GRE"]
[SourceTitle "EXT 2008"]
[Source "ChessBase"]
[SourceDate "2007.11.25"]
[SourceVersion "1"]
[SourceVersionDate "2007.11.25"]
[SourceQuality "1"]

1. e4 g6 2. d4 Bg7 3. Nc3 d6 4. f4 Nf6 5. Nf3 0-0 6. Bd3 c5 7. dxc5 dxc5 8. e5 Nd5 9. Nxd5 Qxd5 10. Qe2 Nc6 11. Be4 Qd7 12. c3 f6 13. Qc4+ Kh8 14. Qxc5 fxe5 15. Bxc6 bxc6 16. Nxe5 Qd5 17. Qxd5 cxd5 18. Be3 Bf5 19. Nc6 Be4 20. 0-0 e6 21. Bd4 Rfc8 22. Bxg7+ Kxg7 23. Nd4 Kf6 24. Rae1 Rab8 25. Rf2 Rb6 26. Re3 a5 27. b3 a4 28. b4 Rc5 29. Rb2 h5 30. Kf2 e5 31. fxe5+ Kxe5 32. Nf3+ Kf5 33. Nd2 Rc8 34. c4 Rcb8 35. a3 Rc6 36. c5 Rxc5 37. Nxe4 dxe4 38. Rd2 Re5 39. Rd7 Ra8 40. Rc3 Ra6 41. Ke3 Ke6 42. Rd4 Kf5 43. Rc5 Rxc5 44. bxc5 Rc6 45. Rd5+ Kf6 46. Kxe4 Re6+ 47. Kd4 Re2 48. c6 Rc2 49. Rc5 Rd2+ 50. Kc4 Rd1 51. c7 Rc1+ 52. Kb5 Ke6 53. Rc6+ 1-0

[Event "Ambelokipi op 66th"]
[Site "Athens"]
[Date "2005.12.30"]
[Round "4"]
[White "Koukoufikis, Ioannis"]
[Black "Tourkolias, Dimitrios"]
[Result "0-1"]
[WhiteElo "2043"]
[BlackElo "1908"]
[PlyCount "62"]
[EventDate "2005.09.18"]
[EventType "swiss"]
[EventRounds "5"]
[EventCountry "GRE"]
[SourceTitle "EXT 2007"]
[Source "ChessBase"]
[SourceDate "2006.11.23"]
[SourceVersion "1"]
[SourceVersionDate "2006.11.23"]
[SourceQuality "1"]

1. e4 e5 2. Nf3 Nf6 3. Nc3 Bb4 4. Bc4 Nc6 5. d3 d5 6. exd5 Nxd5 7. Bd2 Bxc3 8. bxc3 0-0 9. 0-0 f6 10. Rb1 b6 11. Rb5 Be6 12. Rb2 Na5 13. Bb3 Nxb3 14. axb3 Qd7 15. c4 Ne7 16. Qe2 c5 17. Ra1 Nc6 18. b4 Bg4 19. Bc3 cxb4 20. Bxb4 Nd4 21. Qe3 Bxf3 22. gxf3 Rfe8 23. Bc3 Qh3 24. Bxd4 exd4 25. Qxd4 Re5 26. f4 Qg4+ 27. Kf1 Rae8 28. Rbb1 Qh3+ 29. Kg1 Rh5 30. f3 Qxh2+ 31. Kf1 Qh1+ 0-1

[Event "Ikaros op"]
[Site "Ikaros"]
[Date "2003.07.15"]
[Round "4"]
[White "Koukoufikis, Ioannis"]
[Black "Sebag, Marie"]
[Result "0-1"]
[WhiteElo "2038"]
[BlackElo "2432"]
[PlyCount "52"]
[EventDate "2003.07.12"]
[EventType "swiss"]
[EventRounds "9"]
[EventCountry "GRE"]
[SourceTitle "CBM 095 Extra"]
[Source "ChessBase"]
[SourceDate "2003.09.04"]
[SourceVersion "1"]
[SourceVersionDate "2003.09.04"]
[SourceQuality "1"]

1. e4 d5 2. exd5 Qxd5 3. Nc3 Qa5 4. d4 Nf6 5. Bc4 c6 6. Nf3 Bf5 7. 0-0 e6 8. Re1 Be7 9. Bd2 Qc7 10. Ne2 0-0 11. Ng3 Bg6 12. Ne5 c5 13. Bf4 Qb6 14. Nxg6 hxg6 15. d5 exd5 16. Rxe7 dxc4 17. Ne4 Nc6 18. Nxf6+ gxf6 19. Re4 Qxb2 20. Rxc4 Rfd8 21. Qe1 Rd4 22. Rb1 Qxa2 23. Rxc5 Rxf4 24. Rxb7 Re4 25. Qf1 Rae8 26. Rb1 Qxb1 0-1